| 000 | 00920nac a22002651i 4500 | ||
|---|---|---|---|
| 003 | EG-ScBUE | ||
| 005 | 20241118104514.0 | ||
| 008 | 241118s2001 ii a || b 001 0 eng d | ||
| 020 | _a812030845X | ||
| 020 | _a9788120308459 | ||
| 040 |
_aEG-ScBUE _beng _erda _cEG-ScBUE _dEG-ScBUE |
||
| 082 | 0 | 4 |
_a519.4 _bMAT _222 |
| 100 | 1 |
_aMathews, John H., _d1943- _eauthor. |
|
| 245 | 1 | 0 |
_aNumerical methods for mathematics, science, and engineering / _cJohn H. Mathews, California State University, Fullerton. |
| 250 | _aSecond edition. | ||
| 264 | 1 |
_aNew Delhi : _bPrentice Hall of India, _c2001. |
|
| 300 |
_ax, 646 pages : _billustrations ; _c24 cm |
||
| 336 |
_2rdacontent _atext _btxt |
||
| 337 |
_aunmediated _2rdamedia _bn |
||
| 338 |
_avolume _bnc _2rdacarrier |
||
| 504 | _aIncludes bibliographical references and index. | ||
| 650 | 7 |
_aNumerical analysis. _2BUEsh |
|
| 655 | _vReading book | ||
| 942 |
_cBB _2ddc |
||
| 999 |
_c1321 _d1321 |
||